000 00214nam a22000857a 4500
008 170123b xxu||||| |||| 00| 0 eng d
100 _92531
_aDickens Charles
245 _aOliver Twist
260 _aNew Delhi
_bS.Chand
_c2009
999 _c5620
_d5620